Dary a daň z príjmov

Zákonná úprava darovania. Dar poskytnutý fyzickou osobou. Základ dane pre odpočet. Dar poskytnutý právnickou osobou. Praktické príklady.

Na minha lista:
Detalhes bibliográficos
Autor principal: Markovičová, Eva
Formato: Capítulo de Livro
Idioma:eslovaco
Assuntos:
Tags: Adicionar Tag
Sem tags, seja o primeiro a adicionar uma tag!

MARC

LEADER 00000naa a2200000 4500
001 r048371
005 20230919121600.8
041 0 |a slo 
044 |a SK 
245 1 0 |a Dary a daň z príjmov  |c Eva Markovičová 
520 |a Zákonná úprava darovania. Dar poskytnutý fyzickou osobou. Základ dane pre odpočet. Dar poskytnutý právnickou osobou. Praktické príklady. 
610 2 0 |a dane z príjmov 
610 2 0 |a zdaňovanie 
610 2 0 |a dary 
610 2 0 |a osoby fyzické 
610 2 0 |a osoby právnické 
610 2 0 |a úpravy právne 
610 2 0 |a Slovensko 
100 1 |a Markovičová, Eva